La fé filosófica

Guardado en:
書目詳細資料
主要作者: Jaspers, Karl
格式: 圖書
語言:Undetermined
出版: Buenos Aires, Argentina Losada 1968
主題:
標簽: 添加標簽
沒有標簽, 成為第一個標記此記錄!

MARC

LEADER 00000nam a2200000Ia 4500
008 170316s9999 xx 000 0 und d
090 |a 100 J-6f 
100 |a Jaspers, Karl 
245 |a La fé filosófica 
260 |a Buenos Aires, Argentina 
260 |b Losada 
260 |c 1968 
300 |a 155 páginas 
650 |a FILOSOFÍA 
650 |a JASPERS KARL 
650 |a EXISTENCIALISMO 
999 |c 16604  |d 16604 
040 |a cru BVZT 
942 |c 15 D  |h 100 J-6f  |2 z